01273nam a22002417a 4500003000400000005001600004007000400020008004100024010001900065024001800084035001900102040001300121245010500134260003500239300006000274440003500334500003700369500007300406508026000479538010000739538017300839650001901012dpl2008090303483.0DVD050907s2005 cau105 g 00| 0 eng d aDVD-000767-769 aA1075c499.00 aDVD-000767-769 aDPLcDPL aFinding Nemo :h[videorecording] DVD /cWalt Disney Pictures PresentsbA Pixer Animated Studio Film bWalt Disney Home Entertainment a1 videocassette (100 min.)bsd., col. ;c4-3/4 in.fDVD aWalt Disney Home Entertainment aPlunge Into The Filmmakers World aDistributor in India Excel Production Audiovisuals Pvt. Ltd. Mumbai aDirector of photography, Oliver Wood ; art directors, Shepherd Frankel, Don Macaulay ; editor, William Hoy ; music, Miri Ben-Ari, John Ottman ; costume designer, Jose Fernandez, Wendy Partridge ; production designer, Bill Boes ; visual effects supervisors aDolby digital 5.1, English, Mandarin, Thai, Cantonese Subtitles: English, Chinese, Thai, Bahasa aAspect Ratio 1:78.1,Presentation Type: Wide Screen, Presentation Size: 16x9 , Format: DVD 9 Dual Layer Single Sided Disc. Layer Transition may trigger a slight pause.  aAnimated Movie